| 000 | 00707nam a2200241 a 4500 | ||
|---|---|---|---|
| 003 | AR-BaBNM | ||
| 005 | 20251128210155.0 | ||
| 008 | 082120s2002 ||||||||||||||000 | spa|| | ||
| 020 | _a84-316-2813-8 | ||
| 040 | _cAR-BaBNM | ||
| 245 | 0 | 0 |
_aEnciclopedia internacional de la educación _n5 |
| 250 | _a1ª ed. | ||
| 260 |
_aBarcelona _bVicens Vives _bMinisterio de Educación y Ciencia _c1989 |
||
| 300 |
_ap. 2495-3202 _bgráfs., tablas |
||
| 504 | _aContiene bibliografía al final de cada tema | ||
| 650 | 4 | _aENCICLOPEDIAS | |
| 650 | 4 | _aEDUCACION | |
| 655 | _aREFERENCIA | ||
| 700 | 1 |
_aHusen, Torsten _edirector |
|
| 700 | 1 |
_aPostlethwaite, T. Neville _edirector |
|
| 942 | _cBK | ||
| 998 | _cRaquel | ||
| 999 |
_c14372 _d14372 |
||